000 00543cam2a220018100 4500
001 tmp15353955
003 UPRA
005 20190822122838.0
008 950801s1964 enk eng u
035 _a(Sirsi) r9507
035 _a(UPRA)tmp15353955
040 _cUPRA
100 1 _aLe Carre, John, 1931-
_dLe Carre, John, 1931-
_6A5676.1
245 1 2 _aA murder of quality /
_c[by] John le Carre [pseud.].
260 _a[Harmondsworth, Middlesex] :
_bPenguin,
_c[1964]
949 _aPR6053.O74
_wlcc
_i-989
_mMAIN
_tBOOK
_lON-SHELF
004 9507
999 _c135728
_d135728